<?xml version="1.0" encoding="UTF-8"?>
<collection xmlns="http://www.loc.gov/MARC21/slim">
 <record>
  <leader>00625nam a22001455a 4500</leader>
  <controlfield tag="001">EUN.um041505</controlfield>
  <controlfield tag="008">041125s1982####ag#a##########000#0#spa#d</controlfield>
  <controlfield tag="005">20090408115337.0</controlfield>
  <datafield tag="245" ind1="1" ind2="0">
   <subfield code="a">Análisis del grado de separabilidad -&quot;separability&quot;- en el procesamiento con sensores remotos /</subfield>
   <subfield code="c">Jorge A. Luque.</subfield>
  </datafield>
  <datafield tag="260" ind1=" " ind2=" ">
   <subfield code="a">Bahía Blanca :</subfield>
   <subfield code="b">Universidad Nacional del Sur. Departamento de Ciencias Agrarias,</subfield>
   <subfield code="c">1982.</subfield>
  </datafield>
  <datafield tag="300" ind1=" " ind2=" ">
   <subfield code="a">11 p. :</subfield>
   <subfield code="b">ilus. ;</subfield>
   <subfield code="c">28 cm..</subfield>
  </datafield>
  <datafield tag="490" ind1="0" ind2=" ">
   <subfield code="a">Laboratorio de Hidrología y Sensores Remotos, publicación, 9</subfield>
  </datafield>
  <datafield tag="100" ind1="1" ind2=" ">
   <subfield code="a">Luque, Jorge Alfredo.</subfield>
  </datafield>
  <datafield tag="082" ind1="0" ind2="4">
   <subfield code="a">778.3</subfield>
  </datafield>
  <datafield tag="859" ind1=" " ind2=" ">
   <subfield code="a">Ar-BaUNS</subfield>
   <subfield code="b">BIB. CENTRAL - Sector C</subfield>
   <subfield code="h">778.3</subfield>
   <subfield code="i">L974-4</subfield>
   <subfield code="p">88965/982</subfield>
  </datafield>
 </record>
</collection>
